000 00633nam a2200205Ia 4500
003 GCL
008 140319s9999 xx 000 0 ara d
040 _aGCL /
_cGCL
082 0 4 _a814
_bم س
100 1 _aمحمد الماغوط
245 1 0 _aسأخون وطنى, هذيان فى الرعب والحرية /
_cمحمد الماغوط
260 _a[S.N] :
_bرياض الريس للكتب والنشر ،
_c1987
300 _a374 ص
490 _a
650 0 4 _aالادب العربى
650 0 4 _aالعصر الحديث
650 0 4 _aالمقالات العربية
650 0 4 _aالمجموعات
942 _2ddc
_cBK
999 _c58661
_d58661